Online Catalogue and eLibrary

Ilankaith Thamil Thesiyavatham Athan Aarambath Thottam Pattiyathor Aaivu (Record no. 4266)

MARC details
000 -LEADER
fixed length control field 00509nam a2200193Ia 4500
005 - DATE AND TIME OF LATEST TRANSACTION
control field 20250220052006.0
008 - FIXED-LENGTH DATA ELEMENTS--GENERAL INFORMATION
fixed length control field 240331s9999 xx 000 0 und d
020 ## - INTERNATIONAL STANDARD BOOK NUMBER
ISBN 0646381067
082 ## - DDC Classification
Item Number - Author Mark GUN
DDC Edition Number 4943954
100 ## - MAIN ENTRY--PERSONAL NAME
Personal name Gunasingam, M
245 #0 - TITLE STATEMENT
Title Ilankaith Thamil Thesiyavatham Athan Aarambath Thottam Pattiyathor Aaivu
250 ## - EDITION STATEMENT
Edition statement 2nd Edition
260 ## - PUBLICATION, DISTRIBUTION, ETC.
Place of publication, distribution, etc. Sydney
Name of publisher, distributor, etc. M. V Publications
Date of publication, distribution, etc. 2003
300 ## - PHYSICAL DESCRIPTION
Extent (e.g. Volumes, Pages etc.) xvi, 346 p.,
650 ## - SUBJECT ADDED ENTRY--TOPICAL TERM
Topical term or geographic name entry element Tamil Nation
650 ## - SUBJECT ADDED ENTRY--TOPICAL TERM
Topical term or geographic name entry element History
650 ## - SUBJECT ADDED ENTRY--TOPICAL TERM
Topical term or geographic name entry element Origin
942 ## - Koha item type (Biblio)
Koha item type Books in Stacks (Lending)
Holdings
Lost status Damaged status Collection code Home library Current library Shelving location Date acquired Full call number Accession Number Item type
    Lending WERC Library WERC Library Social Science Cupboard 03/31/2024 954 GUN 4943 Books in Stacks (Lending)

© WERC Library